| 000 | 00360nam a22000977a 4500 | ||
|---|---|---|---|
| 082 |
_a030 _bAMS/N |
||
| 100 | _aAMSTRONG,WILLIAM | ||
| 245 | _aNEW KNOWLEDGE-THE WEEKLY COLOUR ENCYCLOPEDIA OF ARTS AND SCIENCE | ||
| 246 |
_aNEW KNOWLEDGE-THE WEEKLY COLOUR ENCYCLOPEDIA OF ARTS AND SCIENCE _bNEW KNOWLEDGE-THE WEEKLY COLOUR ENCYCLOPEDIA OF ARTS AND SCIENCE |
||
| 942 | _cBK | ||
| 999 |
_c8092 _d8092 |
||